zpět

Detail výsledku týmu

Bar 12 opic, Prostějov

Datum a čas kvízu

19.5 Celkem bodů Celkový počet nahraných bodů na tomto kvízu bez doplňovacích otázek.
6. Pořadí na kvízu Konečné umístění týmu na tomto kvízu.

Zaznamenané odpovědi

# Otázka Odpověď Body Výsledky
1. Ministr obrany Lubomír Metnar... 0
2. Italské letovisko, které je ob... 1
3. Rakouská společnost Koch Media... 1
4. Jak se jmenuje slavný hollywoo... 0
5. Přestože televizní program avi... 0
6. Dlouhé názvy filmů byly v módě... 0
5. V roce 1964 natočil slavný rež... 0
5. V roce 1974 natočil režisér Cl... 0
5. Rodinná komedie, kde se objevi... 0
5. Kultovní režisér Woody Allen v... 1